Coupe du Monde 2002: Un joueur, une équipe - Statistiques

Statistiques générales
  • Ce quiz a été pris 131 fois
  • Le résultat moyen est 27 sur 32
Statistiques - réponses
Réponse % Correct
Brésil
100%
Italie
100%
Angleterre
99%
France
99%
Japon
99%
Irlande
98%
Allemagne
97%
Corée du Sud
97%
Espagne
97%
Portugal
97%
Argentine
96%
Mexique
96%
Arabie Saoudite
94%
Turquie
94%
Russie
92%
Belgique
91%
Pologne
91%
Suède
91%
Chine
89%
Sénégal
89%
Cameroun
85%
Danemark
84%
Paraguay
80%
Uruguay
73%
Tunisie
71%
Etats-Unis
68%
Nigeria
62%
Afrique du Sud
61%
Croatie
61%
Slovénie
57%
Costa Rica
46%
Equateur
46%
Aucun quiz correspondant
Distribution des résultats
% des personnes avec chaque résultat
Percentile par nombre de réponses
Votre historique - résultats
Vous n’avez pas pris ce quiz